000 00453nam a2200157Ia 4500
020 _a929028031X
040 _ca
082 _a471 AGE 1981 A024 Co.
100 1 _aTichit, L.
245 1 2 _aL'agriculture au Cambodge /
260 _aParis :
_bAgence de Coop©♭ration Culturelle et Technique,
_cc1981
300 _a423 p. :
_b2 fold. maps ;
_c24 cm
650 0 _aAgriculture
710 2 _aAgence de coop©♭ration culturelle et technique
942 _cFB
999 _c14285
_d14285